| 000 | 00402cam a22000977a 4500 | ||
|---|---|---|---|
| 008 | 180718b1979 xxu||||| |||| 00| 0 eng d | ||
| 245 |
_aIndian standard recommendations for bibliographical references : essential and supplementary elements _cby Indian Standrads Institution, India |
||
| 260 |
_aNew Delhi _bIndian Standrads Institution _c1979 |
||
| 300 | _a16p. | ||
| 700 | _aIndia. Indian Standrads Institution | ||
| 999 |
_c498206 _d498206 |
||